000 00435nam a22001337a 4500
082 _a923.15491
_bSHA
_cL-27, P-26
100 _aSharif al Muhahid
_946180
245 _aQuaid-i-Azam Jinnah
_cSharif al Muhahid
_bStudies in Interpretation
260 _aKarachi,
_bThe committee on quaid-i-azam biography;
_c1981.
300 _a806p.:
_bill,;
_c15 cm.
526 _a0
_b0
_c0
_d923_154910000000000_SHA
650 _aMCE
_9379
942 _2ddc
_cBK
999 _c549522
_d549522